[Event "SM-gruppen"]
[Site "Kungsör"]
[Date "2009.07.05"]
[Round "7"]
[White "Hillarp Persson, Tiger"]
[Black "Glimbrant, Torbjörn"]
[Result "1-0"]
[WhiteElo "2618"]
[BlackElo "2244"]
[Annotator ""]

1.e4 e5 2.Nf3 Nc6 3.Bc4 Bc5 4.c3 Nf6 5.d3 d6 6.Bb3 O-O 7.O-O
h6 8.Re1 a6 9.h3 Ba7 10.Nbd2 Be6 11.Bc2 Re8 12.Nf1 d5 13.Qe2
d4 14.Ng3 Qd7 15.Bd2 Rad8 16.Red1 Bc5 17.c4 Bxc4 18.Bxh6 Be6
19.Bg5 Be7 20.Rdc1 Qd6 21.Ba4 Nd7 22.Bxc6 bxc6 23.Bxe7 Rxe7 24.Ng5
g6 25.Rc2 c5 26.Qd2 Rb8 27.h4 c4 28.dxc4 Qb4 29.Qd1 Nc5 30.h5
d3 31.Rd2 Qxc4 32.Rc1 Qd4 33.b3 Qb4 34.Nxe6 Rxe6 35.Rc4 Qa3 36.hxg6
Rxg6 37.Nf5 Ne6 38.Rxd3 Re8 39.Rc2 Qb4 40.Rc4 Qb6 41.g3 c5 42.Rd5
Qb8 43.Rd7 Nd4 44.Qh5 Qb6 45.Nh6+ Rxh6 46.Qxf7+ Kh8 47.Qg7# 1-0

[Event "SM-gruppen"]
[Site "Kungsör"]
[Date "2009.07.05"]
[Round "7"]
[White "Nithander, Victor"]
[Black "Åkesson, Ralf"]
[Result "1-0"]
[WhiteElo "2422"]
[BlackElo "2493"]
[Annotator ""]

1.e4 c6 2.d4 d5 3.Nd2 dxe4 4.Nxe4 Bf5 5.Ng3 Bg6 6.h4 h6 7.Nf3
Nd7 8.h5 Bh7 9.Bd3 Bxd3 10.Qxd3 e6 11.Bd2 Ngf6 12.O-O-O Be7 13.Ne4
Nxe4 14.Qxe4 Nf6 15.Qd3 O-O 16.g4 Nxg4 17.Rhg1 f5 18.Qe2 Kf7
19.Rde1 Qd5 20.c4 Qd6 21.Kb1 Rfe8 22.Rxg4 fxg4 23.Ne5+ Kg8 24.Qxg4
Bg5 25.Bxg5 hxg5 26.Qxg5 Qf8 27.Ka1 Qf5 28.Qh4 Qf6 29.Qe4 Rad8
30.Rg1 Rf8 31.a3 Qh6 32.Ng4 Qg5 33.Qxe6+ Kh8 34.h6 Rde8 35.hxg7+
Kxg7 36.Qd6 Rd8 37.Qc7+ Rf7 38.Qe5+ Qxe5 39.Nxe5+ Kf8 40.Nxf7
Kxf7 41.Rd1 Kf6 42.Kb1 Ke6 43.Rd3 b5 44.d5+ 1-0

[Event "SM-gruppen"]
[Site "Kungsör"]
[Date "2009.07.06"]
[Round "8"]
[White "Berg, Emanuel"]
[Black "Nithander, Victor"]
[Result "1/2-1/2"]
[WhiteElo "2610"]
[BlackElo "2422"]
[Annotator ""]

1.e4 c5 2.Nf3 Nc6 3.d4 cxd4 4.Nxd4 Nf6 5.Nc3 e5 6.Ndb5 d6 7.Bg5
a6 8.Na3 b5 9.Bxf6 gxf6 10.Nd5 Bg7 11.c3 f5 12.Bd3 Ne7 13.Nxe7
Qxe7 14.O-O O-O 15.Nc2 f4 16.a4 bxa4 17.Rxa4 Qg5 18.Qe2 Kh8 19.Rfa1 1/2-1/2

[Event "SM-gruppen"]
[Site "Kungsör"]
[Date "2009.07.06"]
[Round "8"]
[White "Glimbrant, Torbjörn"]
[Black "Blomqvist, Erik"]
[Result "1/2-1/2"]
[WhiteElo "2244"]
[BlackElo "2436"]
[Annotator ""]

1.d4 d5 2.c4 c6 3.Nf3 Nf6 4.e3 Bg4 5.h3 Bh5 6.cxd5 Bxf3 7.Qxf3
cxd5 8.Nc3 e6 9.Bd3 Nc6 10.O-O Bd6 11.Bd2 O-O 12.Rac1 Rc8 13.Rfd1
Qe7 14.Be1 Rfd8 15.g3 Bb8 16.Bf1 h6 17.Bg2 a6 18.a3 Rc7 19.Na2
Rdc8 20.Qe2 Ne8 21.Kh1 Qd8 22.Nc3 Ba7 23.Rb1 Nd6 24.Na4 Qf6 25.Nc5
e5 26.b4 exd4 27.exd4 Re7 28.Qf3 Qg6 29.Qg4 Qh7 30.Bxd5 Rce8
31.Bc3 Nb5 32.Bb2 Qc2 33.Bxc6 bxc6 34.d5 f5 35.Qf3 cxd5 36.Qxd5+
Kh7 37.Qd2 Re1+ 38.Qxe1 Rxe1+ 39.Rxe1 Bxc5 40.bxc5 Qxf2 1/2-1/2

[Event "SM-gruppen"]
[Site "Kungsör"]
[Date "2009.07.06"]
[Round "8"]
[White "Grandelius, Nils"]
[Black "Cramling, Pia"]
[Result "1/2-1/2"]
[WhiteElo "2491"]
[BlackElo "2528"]
[Annotator ""]

1.d4 d5 2.c4 c6 3.Nf3 Nf6 4.e3 Bg4 5.Qb3 Qb6 6.Nc3 e6 7.Nh4 Bh5
8.h3 g5 9.Nf3 h6 10.Ne5 Nfd7 11.Nd3 Bg6 12.h4 Rg8 13.Bd2 Na6
14.hxg5 hxg5 15.Rc1 Qxb3 16.axb3 Nb4 17.Nxb4 Bxb4 18.Na4 a5 19.f3
Ke7 20.Be2 Rh8 21.Bxb4+ axb4 22.Rxh8 Rxh8 23.Kf2 Ra8 24.c5 Kd8
25.Bd1 Kc7 26.Bc2 Bxc2 27.Rxc2 Rh8 28.Rc1 e5 29.dxe5 Nxe5 30.Rd1
Rh4 31.Nb6 f5 32.Kg3 Ng6 33.Ra1 f4+ 34.exf4 gxf4+ 35.Kf2 Ne5
36.Rd1 Rh7 37.Kg1 Rg7 38.Kf1 Rh7 39.Kg1 Rg7 40.Kf1 Rh7 1/2-1/2

[Event "SM-gruppen"]
[Site "Kungsör"]
[Date "2009.07.06"]
[Round "8"]
[White "Hänninger, Simon"]
[Black "Ernst, Thomas"]
[Result "0-1"]
[WhiteElo "2167"]
[BlackElo "2414"]
[Annotator ""]

1.e4 c5 2.Nc3 Nc6 3.g3 g6 4.Bg2 Bg7 5.d3 d6 6.Be3 e5 7.Qd2 Nge7
8.f4 O-O 9.Nf3 Nd4 10.O-O Rb8 11.h3 b5 12.Nd1 b4 13.Nh4 exf4
14.Bxf4 Ne6 15.Bh6 Nc6 16.Bxg7 Kxg7 17.Nf5+ Kh8 18.Nh6 Ne5 19.h4
f6 20.Ne3 Kg7 21.Nhg4 Bb7 22.Nxe5 dxe5 23.Qf2 Qd4 24.Bh3 Nc7
25.Nc4 Ba6 26.Qxd4 cxd4 27.Na5 Bc8 28.Bxc8 Rfxc8 29.Nc4 Nb5 30.Rf2
h5 31.b3 Na3 32.Nxa3 bxa3 33.Kf1 Rc3 34.Ke1 Rbc8 35.Kd1 Kf7 36.Rc1
Ke6 37.Kd2 f5 38.exf5+ gxf5 39.Re2 a5 40.Ree1 Rg8 41.Rg1 e4 42.Rce1
Ke5 43.Rg2 e3+ 44.Kd1 a4 45.Kc1 0-1

[Event "SM-gruppen"]
[Site "Kungsör"]
[Date "2009.07.06"]
[Round "8"]
[White "Johansson, Jan"]
[Black "Semcesen, Daniel"]
[Result "0-1"]
[WhiteElo "2440"]
[BlackElo "2387"]
[Annotator ""]

1.d4 d5 2.Nf3 Nf6 3.c4 dxc4 4.e3 Bg4 5.Bxc4 e6 6.h3 Bh5 7.Nc3
a6 8.Be2 Nc6 9.O-O Bd6 10.b3 O-O 11.Bb2 Qe8 12.Nd2 Bxe2 13.Qxe2
e5 14.d5 Ne7 15.e4 Nd7 16.Nc4 Bc5 17.Rac1 b5 18.Na5 Bb4 19.Nc6
Nxc6 20.dxc6 Nb8 21.Nd5 Bd6 22.Qc2 a5 23.Qd3 b4 24.Nb6 Ra7 25.Nc4
Nxc6 26.Nxd6 cxd6 27.Qxd6 Ra6 28.Rc5 Qa8 29.Qd5 Rd8 30.Qc4 h6
31.Bxe5 a4 32.bxa4 Re8 33.Bg3 Re6 34.Rc1 Ne7 35.Rb5 Qxe4 36.Rb8+
Kh7 37.Qxa6 0-1

[Event "SM-gruppen"]
[Site "Kungsör"]
[Date "2009.07.06"]
[Round "8"]
[White "Tikkanen, Hans"]
[Black "Hillarp Persson, Tiger"]
[Result "1/2-1/2"]
[WhiteElo "2425"]
[BlackElo "2618"]
[Annotator ""]

1.d4 c5 2.d5 e5 3.e4 d6 4.Nc3 Be7 5.Nf3 Bg4 6.h3 Bxf3 7.Qxf3
Bg5 8.Bxg5 Qxg5 9.Nb5 Qd8 10.Qg4 Kf8 11.Nxd6 Nf6 12.Qc8 Qxc8
13.Nxc8 Nxe4 14.Bd3 Nd7 15.Bxe4 Rxc8 16.Bf5 Rd8 17.Bxd7 Rxd7
18.O-O-O Ke7 19.Rhe1 Kd6 20.c4 h5 21.Rd3 h4 22.Rde3 Rh5 23.Re4
Rf5 24.f3 g5 25.Kc2 Re7 26.Kd3 f6 27.R1e2 Rg7 28.b3 Rf4 29.Re1
b6 30.R1e2 Rg8 31.Re1 Rg7 32.R1e2 Rg8 33.Re1 Re8 34.Rxf4 gxf4
35.Ke4 Ke7 36.Re2 Rg8 37.Rd2 Rg5 38.Re2 Kd6 39.Kd3 f5 40.Kd2
Rg8 41.Kd3 b5 42.a3 Rb8 43.Kc2 a5 44.Re1 a4 45.Rb1 Rg8 46.cxb5
Rxg2+ 47.Kc3 Ra2 48.b4 Rxa3+ 49.Kc4 cxb4 50.b6 Rxf3 51.b7 Kc7
52.Rxb4 Kb8 53.d6 e4 54.Kc5 Rd3 55.Kc6 f3 56.Rxa4 Rc3+ 57.Kb6
Rb3+ 58.Kc6 Rc3+ 59.Kb6 Rb3+ 60.Kc6 Rxb7 61.d7 Rxd7 62.Kxd7 f2
63.Rb4+ Ka7 64.Rb1 e3 65.Kc7 Ka6 66.Kc6 Ka5 67.Kc5 Ka6 68.Kc6
Ka5 1/2-1/2

[Event "SM-gruppen"]
[Site "Kungsör"]
[Date "2009.07.06"]
[Round "8"]
[White "Åkesson, Ralf"]
[Black "Brynell, Stellan"]
[Result "1/2-1/2"]
[WhiteElo "2493"]
[BlackElo "2463"]
[Annotator ""]

1.Nf3 e6 2.c4 f5 3.g3 Nf6 4.Bg2 Be7 5.O-O O-O 6.b3 d6 7.d4 Ne4
8.Bb2 Bf6 9.Nfd2 Nxd2 10.Qxd2 e5 11.dxe5 dxe5 12.Qxd8 Rxd8 13.e4
c6 14.exf5 Bxf5 15.Nc3 e4 16.Rae1 Na6 17.Bxe4 Bxe4 18.Rxe4 Rd2
19.Ba1 Nc5 20.Re3 Rf8 21.b4 Bd4 22.Re2 Rxe2 23.Nxe2 Bxa1 24.bxc5
Re8 25.Nc1 Bb2 26.Nd3 Bd4 27.Rb1 Re2 28.Rxb7 Rd2 29.Nb4 Bxf2+
30.Kh1 Bxc5 31.Nxc6 Rxa2 32.Ne5 Bd6 33.Nf7 Bf8 34.Ne5 Bd6 35.Nf7
Bf8 36.Ne5 1/2-1/2

[Event "SM-gruppen"]
[Site "Kungsör"]
[Date "2009.07.07"]
[Round "9"]
[White "Blomqvist, Erik"]
[Black "Tikkanen, Hans"]
[Result "1/2-1/2"]
[WhiteElo "2436"]
[BlackElo "2425"]
[Annotator ""]

1.e4 e5 2.Nf3 Nc6 3.Bb5 a6 4.Ba4 Nf6 5.O-O Be7 6.Re1 b5 7.Bb3
d6 8.c3 O-O 9.h3 a5 10.d4 a4 11.Bc2 Bd7 12.Na3 Qb8 13.Bd3 exd4
14.cxd4 Nb4 15.d5 Nxd3 16.Qxd3 b4 17.Nc4 Qb7 18.Nd4 Bb5 19.Nxd6
Bxd3 20.Nxb7 Rfe8 21.Nc6 Bf8 22.f3 Nxd5 23.Bd2 Nf6 24.Nxb4 Bxe4
25.fxe4 Rab8 26.e5 1/2-1/2

[Event "SM-gruppen"]
[Site "Kungsör"]
[Date "2009.07.07"]
[Round "9"]
[White "Brynell, Stellan"]
[Black "Berg, Emanuel"]
[Result "1/2-1/2"]
[WhiteElo "2463"]
[BlackElo "2610"]
[Annotator ""]

1.d4 Nf6 2.Nf3 g6 3.c4 Bg7 4.g3 O-O 5.Bg2 d6 6.O-O Nbd7 7.Nc3
e5 8.h3 Re8 9.e4 exd4 10.Nxd4 a6 11.Be3 Rb8 12.b3 Ne5 1/2-1/2

[Event "SM-gruppen"]
[Site "Kungsör"]
[Date "2009.07.07"]
[Round "9"]
[White "Ernst, Thomas"]
[Black "Åkesson, Ralf"]
[Result "1/2-1/2"]
[WhiteElo "2414"]
[BlackElo "2493"]
[Annotator ""]

1.e4 c6 2.d4 d5 3.Nd2 dxe4 4.Nxe4 Bf5 5.Ng3 Bg6 6.h4 h6 7.Nf3
Nd7 8.h5 Bh7 9.Bd3 Bxd3 10.Qxd3 e6 11.Bf4 Qa5+ 12.Bd2 Bb4 13.c3
Be7 14.c4 Qc7 15.O-O-O Ngf6 16.Kb1 a6 17.Qc2 b5 18.c5 Nd5 19.Rde1
a5 20.Ne4 N7f6 21.Ne5 Nxe4 22.Qxe4 Bf6 23.f4 Bxe5 24.fxe5 O-O-O
25.Rhf1 Rdf8 26.Rf3 Kb7 27.Ref1 a4 28.Qg4 Rhg8 1/2-1/2

[Event "SM-gruppen"]
[Site "Kungsör"]
[Date "2009.07.07"]
[Round "9"]
[White "Nithander, Victor"]
[Black "Glimbrant, Torbjörn"]
[Result "0-1"]
[WhiteElo "2422"]
[BlackElo "2244"]
[Annotator ""]

1.e4 e6 2.d4 d5 3.Nd2 c5 4.Ngf3 a6 5.dxc5 Bxc5 6.Bd3 Nc6 7.exd5
exd5 8.O-O Nge7 9.Nb3 Bb6 10.Re1 h6 11.Be3 O-O 12.Qd2 Bxe3 13.Rxe3
Nf5 14.Bxf5 Bxf5 15.Nfd4 Nxd4 16.Nxd4 Be4 17.f3 Bg6 18.Rae1 Qb6
19.Rb3 Qc7 20.Rbe3 Rac8 21.c3 b5 22.a3 Rfd8 23.Re7 Qb6 24.Kh1
a5 25.h3 b4 26.cxb4 Rc4 27.Rd1 axb4 28.axb4 Rxb4 29.b3 Rb8 30.Qc3
Qf6 31.Rc7 Kh7 32.Qc5 R4b6 33.Rd7 Ra6 34.Rxd5 Rba8 35.Qc7 Ra1
36.Rxa1 Rxa1+ 37.Kh2 Qa6 38.Qe5 Qf1 39.Nf5 f6 40.Qe3 Qh1+ 41.Kg3
Bxf5 42.Rxf5 Ra2 43.Qd3 Rxg2+ 44.Kf4 Qc1+ 45.Ke4 Rd2 46.Qe3 Qc6+
47.Kf4 Qd6+ 48.Kg4 Rg2+ 0-1

[Event "SM-gruppen"]
[Site "Kungsör"]
[Date "2009.07.07"]
[Round "9"]
[White "Semcesen, Daniel"]
[Black "Grandelius, Nils"]
[Result "1-0"]
[WhiteElo "2387"]
[BlackElo "2491"]
[Annotator ""]

1.c4 Nf6 2.Nc3 e6 3.Nf3 d5 4.e3 c5 5.d4 Nc6 6.dxc5 Bxc5 7.a3
O-O 8.b4 Bd6 9.Bb2 Ne5 10.Nb5 Nxf3+ 11.Qxf3 Be7 12.cxd5 exd5
13.Bd3 Bg4 14.Qf4 a6 15.h3 Bh5 16.Nd4 Bd6 17.Qh4 Bg6 18.Nf5 Ne4
19.Qh6 1-0

[Event "SM-gruppen"]
[Site "Kungsör"]
[Date "2009.07.08"]
[Round "10"]
[White "Berg, Emanuel"]
[Black "Ernst, Thomas"]
[Result "1/2-1/2"]
[WhiteElo "2610"]
[BlackElo "2414"]
[Annotator ""]

1.e4 c5 2.Nf3 d6 3.d4 cxd4 4.Nxd4 Nf6 5.Nc3 Nc6 6.Bg5 e6 7.Qd2
a6 8.O-O-O h6 9.Nxc6 bxc6 10.Bf4 d5 11.Qe3 Be7 12.Be2 O-O 13.h4
Nh7 14.Qg3 Kh8 15.Bc7 Qe8 16.Na4 Nf6 17.Be5 Qd8 18.Bc7 Qe8 19.Be5
Qd8 20.Bc7 1/2-1/2

[Event "SM-gruppen"]
[Site "Kungsör"]
[Date "2009.07.08"]
[Round "10"]
[White "Cramling, Pia"]
[Black "Semcesen, Daniel"]
[Result "1-0"]
[WhiteElo "2528"]
[BlackElo "2387"]
[Annotator ""]

1.d4 d5 2.c4 dxc4 3.Nf3 Nf6 4.e3 Bg4 5.Bxc4 e6 6.h3 Bh5 7.O-O
a6 8.Be2 Nc6 9.b3 Bd6 10.Bb2 O-O 11.Nc3 Qe8 12.Nd2 Bg6 13.Nc4
Be7 14.Bf3 Rd8 15.Qe2 b5 16.Bxc6 Qxc6 17.Ne5 Qb7 18.Qf3 Nd5 19.Rfc1
Bd6 20.Nxg6 hxg6 21.Ne4 a5 22.Nc5 Qb6 23.Nd3 b4 24.Nc5 Ne7 25.Na4
Qb5 26.Rc4 c6 27.Rac1 Ra8 28.R1c2 Qh5 29.Qxh5 gxh5 30.e4 Rfd8
31.Kf1 Kh7 32.Bc1 Kg6 33.h4 f6 34.Ke2 Kf7 35.Be3 Ra6 36.Nb2 Rb8
37.Bd2 Rb5 38.g3 Ra8 39.Nd3 Rd8 40.Bf4 Bxf4 41.Nxf4 g6 42.Nd3
Rb7 43.Ke3 Ra8 44.Nc5 Rb5 45.Rc1 Rd8 46.Ra1 Ra8 47.Rd1 Rd8 48.Rd3
Nc8 49.Na4 Na7 50.Rd2 Ke7 51.Rdc2 Rdb8 52.Nb2 Kd7 53.Nd3 Rg8
54.Rc1 Ke7 55.Nf4 Kd6 56.Nd3 Ke7 57.Rc5 Kd7 58.Nf4 Rg7 59.d5
exd5 60.exd5 Re7+ 61.Kd3 Rxc5 62.Rxc5 Kd6 63.Rxa5 g5 64.Nxh5
cxd5 65.Nxf6 gxh4 66.Nxd5 Rh7 67.Nf6 1-0

[Event "SM-gruppen"]
[Site "Kungsör"]
[Date "2009.07.08"]
[Round "10"]
[White "Glimbrant, Torbjörn"]
[Black "Brynell, Stellan"]
[Result "1/2-1/2"]
[WhiteElo "2244"]
[BlackElo "2463"]
[Annotator ""]

1.d4 Nf6 2.c4 e6 3.Nf3 d5 4.Nc3 Bb4 5.e3 O-O 6.Bd3 c5 7.O-O Nc6
8.a3 Bxc3 9.bxc3 Qc7 10.Qc2 Na5 11.Ne5 dxc4 12.Nxc4 Nxc4 13.Bxc4
b6 14.dxc5 Qxc5 15.Bd3 Bb7 16.c4 Rfd8 17.Rd1 h5 18.Bb2 Qg5 19.f4
Qh4 20.Qf2 Qxf2+ 21.Kxf2 Ng4+ 22.Ke2 Bxg2 23.Bd4 Nxh2 24.Rg1
Bf3+ 25.Kf2 Bg4 26.Be4 Rac8 27.Rh1 f5 28.Bg2 Rxc4 29.Rxh2 Rdc8
30.Kg3 Rc2 31.Bf1 Rxh2 32.Kxh2 Rc2+ 33.Kg3 Kh7 34.Bd3 Rd2 35.Bc4
Kh6 36.Ra2 Rd1 37.Bxe6 g5 38.fxg5+ Kxg5 39.Be5 h4+ 40.Kf2 h3
41.Rc2 b5 42.Bf4+ Kh4 43.Bf7 a5 44.Be8 b4 45.axb4 axb4 46.Rb2
Rc1 47.Bf7 Rd1 48.Bc4 Rc1 49.Bd5 Rc5 50.Rd2 Rc1 51.Bd6 Rb1 52.Be6
b3 53.Bg3+ 1/2-1/2

[Event "SM-gruppen"]
[Site "Kungsör"]
[Date "2009.07.08"]
[Round "10"]
[White "Hänninger, Simon"]
[Black "Åkesson, Ralf"]
[Result "0-1"]
[WhiteElo "2167"]
[BlackElo "2493"]
[Annotator ""]

1.Nf3 f5 2.c4 Nf6 3.g3 g6 4.b4 Bg7 5.Bb2 c6 6.Bg2 a5 7.a3 axb4
8.axb4 Rxa1 9.Bxa1 Qb6 10.Qb3 Na6 11.b5 Nc5 12.Qb4 d6 13.O-O
O-O 14.Nc3 Bd7 15.d4 Nce4 16.Na4 Qa7 17.bxc6 bxc6 18.c5 Nd5 19.Qc4
Be6 20.cxd6 exd6 21.Bb2 Rb8 22.Qc2 Nb4 23.Qd1 Na2 24.d5 Bxd5
25.Bxg7 Qxg7 26.Nd2 Qe5 27.Nf3 Qf6 28.Nd2 Rb4 29.Nxe4 fxe4 30.Qc2
Bb3 31.Qb1 Bd5 32.Qc2 Bb3 33.Qb1 Qe5 34.Qb2 Qxb2 35.Nxb2 Nc3
36.e3 Bc2 37.Nc4 Rxc4 38.Bh3 d5 0-1

[Event "SM-gruppen"]
[Site "Kungsör"]
[Date "2009.07.08"]
[Round "10"]
[White "Johansson, Jan"]
[Black "Blomqvist, Erik"]
[Result "1/2-1/2"]
[WhiteElo "2440"]
[BlackElo "2436"]
[Annotator ""]

1.d4 Nf6 2.Nf3 g6 3.c4 Bg7 4.Nc3 d5 5.e3 O-O 6.b4 b6 7.Bb2 Bb7
8.c5 a5 9.a3 c6 10.Bd3 Ba6 11.O-O Nbd7 12.Bxa6 Rxa6 13.b5 cxb5
14.c6 Nb8 15.Ne5 Ne8 16.Rc1 Nc7 17.Qe2 f6 18.Nf3 b4 19.Nb5 e6
20.Nxc7 Qxc7 21.e4 Kh8 22.exd5 exd5 23.Rfe1 b5 24.Qxb5 Rxc6 25.Qxd5
Rxc1 26.Rxc1 Qb6 27.Qc5 Nd7 28.Qe7 Qb7 29.h3 bxa3 30.Bxa3 Rc8
31.Rxc8+ Qxc8 32.Qe6 Qd8 33.Qd5 a4 34.Qc6 Nb6 35.Bc5 Nd5 36.Qxa4
h5 37.Qc6 Kh7 38.Qd6 Qa8 39.Kh2 Qb7 40.Qe6 Qc7+ 41.Bd6 Qc6 42.Kh1
Nf4 43.Qe7 Nxh3 44.Bg3 Qc1+ 45.Kh2 Ng5 46.Nh4 Qc6 47.f3 Ne6 48.Qf7 1/2-1/2

[Event "SM-gruppen"]
[Site "Kungsör"]
[Date "2009.07.08"]
[Round "10"]
[White "Tikkanen, Hans"]
[Black "Nithander, Victor"]
[Result "1/2-1/2"]
[WhiteElo "2425"]
[BlackElo "2422"]
[Annotator ""]

1.d4 Nf6 2.c4 g6 3.Nc3 Bg7 4.e4 d6 5.Nf3 O-O 6.Be2 e5 7.O-O Nc6
8.d5 Ne7 9.Ne1 Nd7 10.Nd3 f5 11.exf5 Nxf5 12.f3 a5 13.Nf2 Nc5
14.Nfe4 b6 15.Bg5 Qe8 16.Qd2 h6 17.Be3 Kh7 18.Rae1 Bd7 19.Bd1
Qe7 20.Bc2 Rf7 21.Bf2 Nxe4 22.Nxe4 Raf8 23.Qd3 Kh8 24.Nd2 h5
25.g3 Qd8 26.Kg2 Bh6 27.Ne4 Qc8 28.Kh1 1/2-1/2

[Event "SM-gruppen"]
[Site "Kungsör"]
[Date "2009.07.09"]
[Round "11"]
[White "Blomqvist, Erik"]
[Black "Grandelius, Nils"]
[Result "0-1"]
[WhiteElo "2436"]
[BlackElo "2491"]
[Annotator ""]

1.e4 c5 2.Nf3 d6 3.d4 cxd4 4.Nxd4 Nf6 5.Nc3 a6 6.Bg5 e6 7.f4
Nbd7 8.Qf3 Qc7 9.O-O-O b5 10.Bd3 Bb7 11.Rhe1 Qb6 12.Nd5 exd5
13.Nc6 dxe4 14.Bxe4 Nc5 15.Bxf6 gxf6 16.Bf5+ Ne6 17.Qh5 Bxc6
18.Bxe6 Ra7 19.Bd7+ Kxd7 20.Qf5+ Kc7 21.Qxf6 Qf2 22.Qxh8 Qxf4+
23.Kb1 Qh6 24.Qd4 Rb7 25.Rd3 Bg7 26.Qb4 Qf6 27.Red1 d5 28.Rf3
Qe6 29.Re1 Be5 30.g4 Kb6 31.Ra3 d4 32.Qa5+ Kc5 33.Qxa6 f6 34.g5
fxg5 35.Qa8 Rf7 36.Qd8 Qe7 37.Qc8 Qc7 38.Qg4 Bf4 39.Rd3 Qd6 40.Red1
Be4 41.Rxd4 Qxd4 42.Rxd4 Kxd4 43.Qe6 Rb7 44.a3 h5 45.Qf6+ Ke3
46.Qc3+ Ke2 47.Qd4 Bf3 48.h4 Be3 49.Qd3+ Kf2 50.hxg5 Bxg5 51.Qf5
Be3 52.Qe5 Ke2 53.Qh2+ Bf2 54.Qe5+ Kf1 55.Qf5 Kg2 56.Qg5+ Bg3
57.Qd2+ Kh3 58.Qd3 Rf7 59.Qxb5 h4 60.Qf1+ Kh2 61.a4 h3 62.a5
Rf4 63.a6 Bg2 64.Qd3 Rf3 65.Qd7 Kg1 66.a7 h2 67.Ka2 Ra3+ 68.Kxa3
h1Q 69.Qd1+ Kh2 70.Qxh1+ Bxh1 71.c4 Bf2 72.b4 Kg3 73.b5 Kf4 74.Kb4
Ke5 75.c5 Ke6 76.c6 Bxa7 77.Ka5 Be3 78.Ka6 Kd6 79.Kb7 Bf3 80.Kb8
Kc5 81.c7 Bf4 82.Kc8 Kb6 0-1

[Event "SM-gruppen"]
[Site "Kungsör"]
[Date "2009.07.09"]
[Round "11"]
[White "Brynell, Stellan"]
[Black "Tikkanen, Hans"]
[Result "1/2-1/2"]
[WhiteElo "2463"]
[BlackElo "2425"]
[Annotator ""]

1.c4 e5 2.g3 c6 3.Nf3 e4 4.Nd4 g6 5.d3 d5 6.Bg2 Bg7 7.e3 Nf6
8.O-O O-O 9.cxd5 cxd5 10.Nc3 Qe7 11.b3 Nc6 12.dxe4 dxe4 13.Ncb5
Bg4 14.Qd2 Qd7 15.Nxc6 bxc6 16.Na3 Qxd2 17.Bxd2 Nd5 18.Bxe4 Bxa1
19.Rxa1 a5 20.Nc4 a4 21.b4 Be2 22.Na5 Bb5 23.Rc1 Rac8 24.Nb7
Rb8 25.Na5 Rfd8 26.Be1 Rbc8 27.Nb7 Rd7 28.Nc5 Re7 29.Bf3 Rd8
30.Kg2 Nb6 31.Bc3 Nd5 32.Be1 Nb6 33.Bc3 Nd5 1/2-1/2

[Event "SM-gruppen"]
[Site "Kungsör"]
[Date "2009.07.09"]
[Round "11"]
[White "Ernst, Thomas"]
[Black "Glimbrant, Torbjörn"]
[Result "1/2-1/2"]
[WhiteElo "2414"]
[BlackElo "2244"]
[Annotator ""]

1.e4 e5 2.Nf3 Nc6 3.Bb5 a6 4.Ba4 Nf6 5.O-O Be7 6.Re1 b5 7.Bb3
d6 8.c3 O-O 9.h3 Na5 10.Bc2 c5 11.d4 Qc7 12.Nbd2 cxd4 13.cxd4
Nc6 14.Nb3 a5 15.Be3 a4 16.Nbd2 Bd7 17.Rc1 Rac8 18.Bb1 Qb8 19.Qe2
Bd8 20.dxe5 Nxe5 21.Rxc8 Bxc8 22.Nd4 Bd7 23.f4 Ng6 24.N2f3 Bb6
25.f5 Ne5 26.Nxe5 dxe5 27.Nf3 Rc8 1/2-1/2

[Event "SM-gruppen"]
[Site "Kungsör"]
[Date "2009.07.09"]
[Round "11"]
[White "Åkesson, Ralf"]
[Black "Berg, Emanuel"]
[Result "1/2-1/2"]
[WhiteElo "2493"]
[BlackElo "2610"]
[Annotator ""]

1.Nf3 Nf6 2.c4 g6 3.Nc3 Bg7 4.d4 O-O 5.e4 d6 6.Be2 e5 7.Be3 Ng4
8.Bg5 f6 9.Bh4 g5 10.Bg3 Nh6 11.d5 f5 12.exf5 Nxf5 13.Nd2 Nd7
14.Nde4 h6 15.O-O Nd4 16.Bg4 Nf6 1/2-1/2

[Event "SM-gruppen"]
[Site "Kungsör"]
[Date "2009.07.10"]
[Round "12"]
[White "Cramling, Pia"]
[Black "Blomqvist, Erik"]
[Result "1-0"]
[WhiteElo "2528"]
[BlackElo "2436"]
[Annotator ""]

1.d4 d5 2.c4 c6 3.Nf3 Nf6 4.Nc3 dxc4 5.a4 Bf5 6.Ne5 Nbd7 7.Nxc4
Nb6 8.Ne5 a5 9.e3 g6 10.Bd3 Bxd3 11.Nxd3 Nbd5 12.Qb3 Qb6 13.Qxb6
Nxb6 14.Ke2 Bg7 15.b3 O-O 16.Bd2 Nfd7 17.Rac1 e6 18.Ne4 Ra7 19.Rhd1
Rd8 20.Be1 Nd5 21.Nd6 Bf8 22.Nc4 Rda8 23.e4 Nc7 24.f3 f6 25.Rc2
Ra6 26.Bf2 Rd8 27.g4 Kf7 28.Be1 Rda8 29.Nc5 Bxc5 30.dxc5 Ke7
31.Rcd2 Nf8 32.Nb6 Re8 33.Rd7+ 1-0

[Event "SM-gruppen"]
[Site "Kungsör"]
[Date "2009.07.10"]
[Round "12"]
[White "Glimbrant, Torbjörn"]
[Black "Åkesson, Ralf"]
[Result "0-1"]
[WhiteElo "2244"]
[BlackElo "2493"]
[Annotator ""]

1.d4 Nf6 2.c4 e6 3.Nf3 b6 4.g3 Ba6 5.Qc2 c5 6.d5 exd5 7.cxd5
Bb7 8.Bg2 Nxd5 9.O-O Be7 10.Rd1 Nc7 11.e4 O-O 12.Nc3 Nc6 13.a3
d6 14.h4 Qe8 15.Be3 Rd8 16.Nd5 Qd7 17.Nf4 Ne6 18.Bh3 Bc8 19.e5
Qc7 20.Nd5 Qb7 21.exd6 Rxd6 22.Nxe7+ Qxe7 23.Rxd6 Qxd6 24.Rd1
Qe7 25.Qe4 Ned4 26.Rxd4 cxd4 27.Qxc6 Bxh3 28.Nxd4 Qd7 29.Qe4
Re8 30.Qf4 Qd5 31.f3 Qc4 0-1

[Event "SM-gruppen"]
[Site "Kungsör"]
[Date "2009.07.10"]
[Round "12"]
[White "Grandelius, Nils"]
[Black "Nithander, Victor"]
[Result "1-0"]
[WhiteElo "2491"]
[BlackElo "2422"]
[Annotator ""]

1.Nf3 Nf6 2.c4 g6 3.g3 Bg7 4.Bg2 O-O 5.O-O d6 6.Nc3 e5 7.d3 Re8
8.Bg5 Nbd7 9.Qc1 c6 10.b4 a6 11.a4 Nf8 12.Nd2 Ne6 13.Bxf6 Bxf6
14.b5 axb5 15.axb5 Rxa1 16.Qxa1 Bd7 17.Rb1 Qa8 18.Qb2 Be7 19.Ra1
Qb8 20.h4 Nf8 21.Na4 Qc7 22.bxc6 bxc6 23.Qb6 Bd8 24.Qa6 f5 25.Rb1
Qa5 26.Qxa5 Bxa5 27.Nf1 e4 28.dxe4 fxe4 29.Rd1 Bb4 30.Ne3 Re6
31.Rb1 Ba5 32.Rb7 Re5 33.Nb6 Bxb6 34.Rxb6 Kf7 35.Rb7 Re7 36.Rb2
Re5 37.Rd2 Ke7 38.Rd4 Ne6 39.Rxe4 Rxe4 40.Bxe4 Nd4 41.Kf1 Kf6
42.Ke1 h6 43.Kd2 g5 44.Kd3 Nb3 45.Ng2 Nc5+ 46.Kd4 Nb3+ 47.Kc3
Nc5 48.Bc2 Bg4 49.f3 Bh3 50.hxg5+ hxg5 51.Ne3 Bd7 52.Nd1 Ke5
53.e3 Kf6 54.Nf2 Bc8 55.f4 Be6 56.Kd4 Bc8 57.Be4 Bd7 58.Bf3 Ne6+
59.Kc3 Nc5 60.g4 gxf4 61.exf4 d5 62.Nd3 Na4+ 63.Kd4 dxc4 64.Kxc4
Nb6+ 65.Kd4 Nc8 66.Ne5 Be6 67.Bxc6 Nd6 68.Be4 Nb5+ 69.Ke3 Nd6
70.Bd3 Bc8 71.g5+ Kg7 72.Nc6 Bd7 73.Nd4 Nf7 74.Kf3 Bc8 75.Kg3
Bd7 76.Kh4 Be8 77.f5 Ne5 78.Be4 Bd7 79.Kg3 Nf7 80.Kf4 Bc8 81.f6+
Kf8 82.g6 1-0

[Event "SM-gruppen"]
[Site "Kungsör"]
[Date "2009.07.10"]
[Round "12"]
[White "Hänninger, Simon"]
[Black "Berg, Emanuel"]
[Result "0-1"]
[WhiteElo "2167"]
[BlackElo "2610"]
[Annotator ""]

1.e4 c5 2.Nc3 a6 3.a4 e6 4.g3 Nc6 5.Bg2 g6 6.d3 Bg7 7.Be3 Nd4
8.Nce2 Nc6 9.c3 d6 10.Nf3 Nf6 11.h3 b6 12.O-O Bb7 13.Rb1 d5 14.e5
Nd7 15.d4 a5 16.Qd2 Ba6 17.Rfe1 h6 18.Nf4 O-O 19.h4 Kh7 20.Bh3
Re8 21.Rbc1 b5 22.axb5 Bxb5 23.Qc2 Kg8 24.Nxg6 cxd4 25.Nxd4 Nxd4
26.cxd4 fxg6 27.Qxg6 Nf8 28.Qh5 Kh7 29.f4 Bd3 30.f5 Bxf5 31.Bxf5+
exf5 32.Qxf5+ Kg8 33.Rc6 Qd7 34.Qxd7 Nxd7 35.Rd6 Nf8 36.Rxd5
Reb8 37.Bd2 a4 38.Bc3 Ra6 39.Ra1 Rc8 40.Bb4 Ne6 41.Ba3 Rc2 42.Rd1
Rb6 43.Ra5 Rb3 44.d5 Rxg3+ 45.Kf1 Nf4 46.Ra8+ Kh7 0-1

[Event "SM-gruppen"]
[Site "Kungsör"]
[Date "2009.07.10"]
[Round "12"]
[White "Johansson, Jan"]
[Black "Brynell, Stellan"]
[Result "1-0"]
[WhiteElo "2440"]
[BlackElo "2463"]
[Annotator ""]

1.d4 e6 2.c4 Nf6 3.Nc3 Bb4 4.e3 c5 5.Bd3 d5 6.Nf3 O-O 7.O-O cxd4
8.exd4 dxc4 9.Bxc4 b6 10.Ne5 Bb7 11.Bg5 Bxc3 12.bxc3 Qc7 13.Re1
Nbd7 14.Nxd7 Nxd7 15.Bd3 Rfe8 16.Qh5 Nf8 17.Re3 f5 18.Rg3 Rac8
19.c4 Qf7 20.Qe2 Ng6 21.Qc2 Qd7 22.Rd1 Qxd4 23.h4 Qc5 24.h5 Ne5
25.Bf6 Rc7 26.h6 g6 27.Qb2 Ng4 28.Bd4 Qe7 29.Bg7 Qh4 30.Rh3 Qg5
31.Bf1 f4 32.Qb5 Qxb5 33.cxb5 g5 34.Be2 Rxg7 35.hxg7 Nf6 36.Ra3
Ra8 37.Bc4 Nd5 38.Re1 Kf7 39.g8Q+ Rxg8 40.Rxa7 Rb8 41.Bxd5 exd5
42.Rc1 Kf6 43.Rc7 1-0

[Event "SM-gruppen"]
[Site "Kungsör"]
[Date "2009.07.10"]
[Round "12"]
[White "Semcesen, Daniel"]
[Black "Hillarp Persson, Tiger"]
[Result "1-0"]
[WhiteElo "2387"]
[BlackElo "2618"]
[Annotator ""]

1.c4 g6 2.d4 Bg7 3.Nf3 d6 4.e4 Nf6 5.Nc3 O-O 6.h3 Na6 7.Bg5 Qe8
8.g4 c6 9.Be3 Nc7 10.Bg2 b5 11.cxb5 cxb5 12.Rc1 Bb7 13.O-O b4
14.Ne2 Nb5 15.Nd2 a5 16.d5 Nd7 17.Nc4 Ne5 18.Nb6 Ra6 19.f4 Nd7
20.Nc4 e6 21.dxe6 Qxe6 22.Nd4 Bxd4 23.Bxd4 Bxe4 24.Re1 d5 25.Bf2
f5 26.Nd2 Nf6 27.Bf1 Rb8 28.Rc5 Rab6 29.g5 Nh5 30.Nxe4 fxe4 31.Rxd5
Nxf4 32.Rd8+ Kf7 33.Bc4 Rxd8 34.Bxe6+ Nxe6 35.Qxd8 Nxd8 36.Bxb6
Ne6 37.h4 Nd6 38.Bxa5 b3 39.a4 Nd4 40.Rd1 Nf3+ 41.Kf2 Ke6 42.Bb4
Nc4 43.Bc3 Nxh4 44.a5 Nf5 45.a6 Nfd6 46.Bd4 Nb5 47.a7 Nc7 48.Rh1
Kd5 49.Rxh7 1-0

[Event "SM-gruppen"]
[Site "Kungsör"]
[Date "2009.07.11"]
[Round "13"]
[White "Brynell, Stellan"]
[Black "Grandelius, Nils"]
[Result "1/2-1/2"]
[WhiteElo "2463"]
[BlackElo "2491"]
[Annotator ""]

1.d4 Nf6 2.c4 e6 3.Nf3 d5 4.Nc3 dxc4 5.e4 Bb4 6.Bg5 c5 7.dxc5
Qxd1+ 8.Rxd1 Nbd7 9.Bd2 Bxc3 10.Bxc3 Nxe4 11.Bxg7 Rg8 12.Bd4
Nexc5 13.Bxc4 Rxg2 14.b4 Ne4 1/2-1/2